| 000 | 00526nam a22001817a 4500 | ||
|---|---|---|---|
| 003 | BUBTL | ||
| 008 | 161227b xxu||||| |||| 00| 0 eng d | ||
| 082 | _a677.028MAI | ||
| 100 |
_91002 _aMarsh,J. T. |
||
| 245 |
_aAn Introduction To Textile Finishing : _cJ.T.Marsh |
||
| 250 | _a6th ed. | ||
| 260 |
_aLondon : _bChapman & Hall Ltd, _cc1957. |
||
| 300 |
_axi,557 p. : _bill. ; _c21 cm. |
||
| 650 | 0 |
_91004 _aTextile Engineering |
|
| 856 |
_k0 _l0 _yDownload |
||
| 942 |
_2ddc _cBK |
||
| 999 |
_c5410 _d5410 |
||